Manual of Practical Biochemistry/ (Record no. 206172)

MARC details
000 -LEADER
fixed length control field 00562nam a2200193 4500
005 - DATE AND TIME OF LATEST TRANSACTION
control field 20241008155758.0
010 ## - LCCN (DPL NO)
LC control number ENG-141966
020 ## - INTERNATIONAL STANDARD BOOK NUMBER
Terms of availability 450.00
International Standard Book Number 9789393330475
035 ## - SYSTEM CONTROL NUMBER
System control number EN-125498
037 ## - SOURCE OF ACQUISITION
Source of stock number/acquisition DBAD
082 ## - DEWEY DECIMAL CLASSIFICATION NUMBER
Classification number 572
Edition number 1
100 ## - MAIN ENTRY--PERSONAL NAME
Personal name Rafi, MD
245 ## - TITLE STATEMENT
Title Manual of Practical Biochemistry/
Statement of responsibility, etc By MD Rafi
250 ## - EDITION STATEMENT
Edition statement 4
260 ## - PUBLICATION, DISTRIBUTION, ETC. (IMPRINT)
Place of publication, distribution, etc Hyderabad
Name of publisher, distributor, etc Universities Press (India) Pvt. Ltd.
Date of publication, distribution, etc 2023
270 ## - ADDRESS
Address 3-6-747/A & 3-6-754/1, Himayatnagar
City Hyderabad
Postal code 500029
300 ## - PHYSICAL DESCRIPTION
Extent 289p.
Dimensions 24cm(pb)
942 ## - ADDED ENTRY ELEMENTS (KOHA)
Source of classification or shelving scheme Dewey Decimal Classification
Item type English Books
Classification part 572
Call number suffix MDR
Holdings
Withdrawn status Lost status Not for loan Collection code Home library Current library Date acquired Source of acquisition Cost, normal purchase price Full call number Barcode Copy number Cost, replacement price Koha item type
    Not For Loan Non-fiction D.B.Act.Division D.B.Act.Division 08/10/2024 Delivery of Books Act Division 450.00 572 MDR EN-125498 1 450.00 English Books

© Delhi Public Library
Hit Counter
free hit counter